|
|
|
|
| LEADER |
00000nam0a2200000 4500 |
| 001 |
291288 |
| 005 |
20231102000355.0 |
| 035 |
|
|
|a (RuTPU)RU\TPU\book\315853
|
| 090 |
|
|
|a 291288
|
| 100 |
|
|
|a 20150413d1983 km y0rusy5003 ca
|
| 101 |
0 |
|
|a rus
|
| 102 |
|
|
|a LT
|
| 105 |
|
|
|a a z 001zy
|
| 200 |
1 |
|
|a Система "Вильнюс". Эскизное проектирование объектных ППП
|f А. А. Чаплинскас, Р. И. Памяденен
|g Академия наук Литовской ССР (АН ЛитССР), Институт математики и кибернетики
|
| 210 |
|
|
|a Вильнюс
|c [Б. и.]
|d 1983
|
| 215 |
|
|
|a 180 с.
|c ил.
|d 20 см.
|
| 320 |
|
|
|a Библиогр.: с. 179
|
| 606 |
1 |
|
|a Система "Вильнюс"
|2 stltpush
|3 (RuTPU)RU\TPU\subj\54925
|9 72998
|
| 610 |
1 |
|
|a понятия
|
| 610 |
1 |
|
|a эскизное проектирование
|
| 610 |
1 |
|
|a пакеты прикладных программ
|
| 610 |
1 |
|
|a инструментальные системы
|
| 610 |
1 |
|
|a схемы
|
| 610 |
1 |
|
|a моделирование
|
| 610 |
1 |
|
|a процедуры
|
| 675 |
|
|
|a 681.324.06
|z rus
|v 3
|
| 700 |
|
1 |
|a Чаплинскас
|b А. А.
|4 070
|
| 701 |
|
1 |
|a Памяденен
|b Р. И.
|4 070
|
| 712 |
0 |
2 |
|a Академия наук Литовской ССР (АН ЛитССР)
|b Институт математики и кибернетики
|2 stltpush
|3 (RuTPU)RU\TPU\col\14469
|
| 801 |
|
0 |
|a RU
|b RuMRKP
|c 19950704
|g psbo
|
| 801 |
|
1 |
|a RU
|b 63413507
|c 20150413
|
| 801 |
|
2 |
|a RU
|b 63413507
|c 20160907
|g RCR
|
| 942 |
|
|
|c BK
|